LDR 00748naa#a2200181#i#450# 001 EN\FGKOU VO SPBU MVD ROSSII\bibl\109657 005 20260429031413.3 011 ## _a2713-0622 100 ## _a20260428b2026####ek#y0engy0150####ca 102 ## _aRU 200 1# _aContactless drug dealing involving migrants: a criminological analysis _eJournal article 210 1# _aSt. Petersburg _cSAINT-PETERSBURG UNIVERSITY OF THE MINISTRY OF INTERNAL AFFAIRS OF THE RUSSIAN FEDERATION _d2026 215 ## _a12 с. 608 ## _aJournal article _2local 675 ## _aЗапрещенное употребление и обращение с наркотиками. 343.575 _z 700 #1 _aSencov _gVyacheslav Vladimirovich 700 #1 _aKolesnikov _gRoman Viktorovich 856 4# _avestnikspbmvd.ru _u